| 000 | 02053cam a22004934i 4500 | ||
|---|---|---|---|
| 003 | PE-LiUPU | ||
| 005 | 20250731165624.0 | ||
| 008 | 150616s r 000 0 d | ||
| 020 | _a8425402050 | ||
| 035 | _a(Sirsi) i9788425402050 | ||
| 040 |
_aPE-LiUPU _bspa _cPE-LiUPU _erda |
||
| 049 | _aPRUA | ||
| 082 | 0 | 4 |
_a270 _bM294 _221 |
| 245 | 1 | 0 |
_aManual de Historia de la Iglesia : _nTomo primero. _bIntroducción a la historia de la iglesia. De la iglesia primitiva a los comienzos de la gran iglesia / _cHubert Jedín y Karl Baus |
| 264 | 1 |
_aBarcelona : _bEditorial Herder, _c1980. |
|
| 300 |
_a631 páginas ; _c21 centímetros. |
||
| 336 |
_atext _2rdacontent |
||
| 337 |
_aunmediated _2rdamedia |
||
| 338 |
_avolume _2rdacarrier |
||
| 490 | 0 |
_a(Biblioteca Herder. Sección de Historia ; _vVolumen 76) |
|
| 505 | 0 | _aIntroducción a la historia de la iglesia -- Bibliografía general para el tomo I y II -- El judeocristianismo -- Los caminos de la gentilidad -- La época postapostólica -- Defensa de la iglesia por los apologistas, contra la polémica literaria pagana. Confirmación de la iglesia frente al gnosticismo y montanismo -- La consolidación interna de la iglesia en el siglo III -- Último ataque del paganismo y victoria definitiva de la iglesia. | |
| 526 | _aSEG44 | ||
| 526 | _aSEG26 | ||
| 526 | _aP151 | ||
| 526 | _aP150 | ||
| 526 | _aP149 | ||
| 526 | _aP146 | ||
| 526 | _aP145 | ||
| 526 | _aP126 | ||
| 526 | _aP125 | ||
| 526 | _aP92 | ||
| 526 | _aP75 | ||
| 526 | _aP74 | ||
| 526 | _aP27 | ||
| 526 | _aP15 | ||
| 650 | 0 |
_aHistoria de la iglesia _9469 _ySiglos I-III |
|
| 700 |
_aJedin, Hubert _eautor _eeditor _91410 |
||
| 700 |
_aBaus, Karl _eautor _91411 |
||
| 910 | _ajck | ||
| 942 |
_2ddc _cBK |
||
| 949 |
_aRC 282.0902 J33 1 _wDEWEY _c1 _i20760 _lCCODEBUL1 _mBUL _r0 _sY _tBOOK _u2015-6-16 _xTEOLOGIA _zUNKNOWN _0COMPRA _o.CIRCNOTE. No olvidar cambiar la fecha de devolución!!!!!!! _o.STAFF. Colección General |
||
| 980 |
_81 _gALBERTO SANCHEZ Responsable de Automatización |
||
| 999 |
_c57275 _d57275 |
||